00773nam a22001577a 4500040000600000082001700006245007300023250001600096260004600112300001000158505025200168650003800420942001200458999001900470952012600489 c0 a153.9420,MUT aMultiple Choice Question :bFor Entry Test /cEditor : Kifayat Ullah a4th Edition aIslamic Coaching Academy bPeshawarc2008 a308 p aPhysics Part.I (Page-1), Physics Part.II (Page-38), Chemistry Part.I (Page-71), Chemistry Part.II (Page-109), Mathematics Part.I (Page-141), Mathematics Part.II (Page-168), Biology Part.I (Page-204), Biology Part.II (Page-242), English (Page-285). aMultiple Choice Question 9113534 2ddccBK c595207d595207 00102ddc4070aMCSbMCScGENd2023-07-11o153.9420,MUTpMCS38740r2023-07-11w2023-07-11yBKzAlmirah No.46, Shelf No.4